000 00730nam a22002537i 4500
003 DO-SdBNP
005 20250527104101.0
007 ta
008 250527b2024 |||||||| |||| 00| 0 spa d
020 _a9789945223903
040 _aDO-SdBNP
_bspa
_cBNPHU
_erda
041 _hspa
082 _axxx
_bC352s
_222
100 0 _aCastillo Javier, Gerardo
_eautor
_987883
245 1 0 _aSendero entre las piedras /
_cGererdo Castillo Javier
264 _aSanto Domingo :
_bDragón Editorial,
_c2024
300 _aPáginación variada ;
_c24 cm
336 _atexto
_btxt
_2rdacontent
337 _asin mediación
_bn
_2rdamedia
338 _avolumen
_bnc
_2rdacarrier
590 _aInventariado, 2025/DG
910 _aDG
942 _2ddc
_cLBS1
999 _c59090
_d59090